000 00521nam a2200181Ia 4500
001 24767
005 20260414151105.0
008 260414t2018||||xx |||||||||||||| ||spa||
041 _aESP
082 _a345.733
_bG312 T. 2
110 _aGaceta Jurídica
245 0 _aLa práctica notarial y registral Tomo 2 :
_bmodelos de documentos que se presentan ante el notario o los Registros Públicos
260 _c2018
300 _a317 páginas :
_c25 cm.
650 _aDER
654 _aCDE
942 _cLIB
_dJUS
_fJUS
_2ddc
_n
999 _c24767
_d24767